2024-25 NFL HB DEPTH CHART QUIZ - Statistics

General Stats
  • This quiz has been taken 144 times
  • The average score is 50 of 64
Answer Stats
Hint Answer % Correct
Atlanta Falcons Bijan Robinson
98%
Baltimore Ravens Derrick Henry
98%
Washington Commanders Brian Robinson Jr.
96%
Philadelphia Eagles Saquon Barkley
96%
Detroit Lions Jahmyr Gibbs
95%
Arizona Cardinals James Conner
95%
Green Bay Packers Josh Jacobs
95%
Buffalo Bills James Cook
94%
Denver Broncos Javonte Williams
94%
New Orleans Saints Kendre Miller / Jamaal Williams
94%
Los Angeles Rams Kyren Williams
94%
Detroit Lions David Montgomery
93%
Cleveland Browns Nick Chubb
93%
Minnesota Vikings Aaron Jones
92%
San Francisco 49ers Christian McCaffrey
92%
Carolina Panthers Chuba Hubbard
92%
Indianapolis Colts Jonathan Taylor
92%
Houston Texans Joe Mixon
90%
Pittsburgh Steelers Najee Harris
90%
Seattle Seahawks Kenneth Walker III
89%
New York Jets Breece Hall
88%
Chicago Bears D'Andre Swift
88%
Tennessee Titans Tony Pollard
88%
Jacksonville Jaguars Travis Etienne Jr.
88%
Cincinnati Bengals Chase Brown
87%
Kansas City Chiefs Isiah Pacheco
87%
New Orleans Saints Alvin Kamara
86%
Miami Dolphins De'Von Achane
86%
Tampa Bay Buccaneers Rachaad White
83%
Miami Dolphins Raheem Mostert
83%
Las Vegas Raiders Zamir White / Ameer Abdullah
83%
Tampa Bay Buccaneers Bucky Irving
82%
Los Angeles Chargers J.K. Dobbins
82%
New England Patriots Rhamondre Stevenson
82%
Kansas City Chiefs Kareem Hunt / Samaje Perine
81%
Dallas Cowboys Ezekiel Elliott
80%
San Francisco 49ers Jordan Mason / Isaac Guerendo
80%
Pittsburgh Steelers Jaylen Warren
78%
Cleveland Browns Jerome Ford
77%
Atlanta Falcons Tyler Allgeier
77%
Washington Commanders Austin Ekeler
75%
Buffalo Bills Ray Davis / Ty Johnson
75%
Dallas Cowboys Rico Dowdle
75%
New York Giants Devin Singletary
74%
Seattle Seahawks Zach Charbonnet
74%
New York Giants Tyrone Tracy Jr.
73%
Los Angeles Chargers Gus Edwards
71%
Houston Texans Dameon Pierce / Dare Ogunbowale
66%
Philadelphia Eagles Kenneth Gainwell
65%
Baltimore Ravens Justice Hill
64%
Chicago Bears Roschon Johnson
63%
Jacksonville Jaguars Tank Bigsby
63%
Tennessee Titans Tyjae Spears
63%
Cincinnati Bengals Zack Moss
63%
New York Jets Braelon Allen
60%
Las Vegas Raiders Alexander Mattison
59%
Los Angeles Rams Blake Corum
59%
Carolina Panthers Miles Sanders
59%
New England Patriots Antonio Gibson
55%
Minnesota Vikings Cam Akers
55%
Green Bay Packers Chris Brooks / Emanuel Wilson
55%
Arizona Cardinals Trey Benson / Emari Demercado
47%
Denver Broncos Jaleel McLaughlin
41%
Indianapolis Colts Trey Sermon / Tyler Goodson
38%
No matching quizzes found
Score Distribution
Percent of People with Each Score
Percentile by Number Answered
Your Score History
You have not taken this quiz